000 00927nam a2200241 u 4500
005 20240305063644.0
008 090622s2006 r 000 0 eng d
020 _a9875910414 (10 dígitos)
020 _a9789875910416 (13 dígitos)
035 _aUPN01000171321
049 _aCG
050 4 _aLB1719 A7
_bD6.7
100 1 _aDomján, Gabriela S. O.
245 1 0 _aResidencias docentes y prácticas tutoriales :
_bpropuestas de enseñanza implicadas en las prácticas tutoriales /
_cGabriela S. O. Domján, Patricia A. Grabbarini.
260 _aCórdoba, Arg. :
_bBrujas,
_c2006.
300 _a265 p. :
_bil.
440 0 _aTrabajos finales de Licenciatura en Ciencias de la Educación
650 4 _aMAESTROS -
_xFORMACION PROFESIONAL -
_zARGENTINA
_9766
650 4 _aEducación
_xMétodos experimentales
_95868
650 4 _aTutoría en la educación
_95718
700 1 _aGrabbarini, Patricia A.
_bcoaut.
905 _aLibro
999 _c143426
_d143426